Songs of the Civil War : (Record no. 585910)

MARC details
000 -LEADER
fixed length control field 00473nam a2200193 a 4500
008 - FIXED-LENGTH DATA ELEMENTS--GENERAL INFORMATION
fixed length control field 250908s1995##################000#0#eng##
020 ## - INTERNATIONAL STANDARD BOOK NUMBER
ISBN 9780486284385
082 04 - DEWEY DECIMAL CLASSIFICATION NUMBER
Classification number 783.24209773
Item number SIL
100 1# - MAIN ENTRY--AUTHOR NAME
Personal name Silber, Irwin,
245 10 - TITLE STATEMENT
Title Songs of the Civil War :
260 ## - PUBLICATION, DISTRIBUTION, ETC. (IMPRINT)
Name of publisher Courier Corporation,
Year of publication 1995.
300 ## - PHYSICAL DESCRIPTION
Number of Pages 399 pages
650 #0 - SUBJECT ADDED ENTRY--TOPICAL TERM
Topical Term Music.
942 ## - ADDED ENTRY ELEMENTS (KOHA)
Koha item type English Books
Holdings
Withdrawn status Lost status Damaged status Not for loan Home library Current library Shelving location Date acquired Full call number Accession Number Price effective from Koha item type
        Anna Centenary Library Anna Centenary Library 6TH FLOOR, B WING 08.09.2025 783.24209773 SIL 444465 08.09.2025 English Books

Find us on the map